00627nam a22001577a 450000500170000001000460001702000430006303500390010603700130014508200110015810000200016924501360018926000390032527000600036430000450042420230711113116.0 aENG-117999-118000 ENG-137141 ENG-137346 a9788185988344c800.00 (set of 2 vols.) aEN-101531-32 EN-120673 EN-120878 bDBAD/PUB a230.23 aWoodroffe, John aPrinciples of tantra:bthe tantra-tattva of Sriyukta Siva Candra Vidyarnava Bhattacarya Mahodya/cby John Woodroffe (Arthur Avalon) aChennaibGanesh & Co.c2016 (repr) aNew No. 38 Thanikachalam Road , T. nagar Chennai 600017 a2 part (vi, 442p.; vi,512p.0c22cm.(pbk)